• 首页
  • 本馆介绍
  • 公告通知
  • 最新文献
  • 馆藏检索
  • 电子资源
  • 读者导购
  • 参考咨询
  • 我的图书馆
  • 登录
  • 详细信息显示
  • 放入我的书架
  • 预约/预借图书
  • 作者相关作品
  • 分类相关作品
  • 丛书相关作品
  • 出版社相关作品

书目信息

  • 表格格式
  • 工作单格式
  • 卡片格式
题名:
湖北历史文化地理研究
    
 
作者: 张伟然 著
分册:  
出版信息: 武汉   湖北教育出版社  1999
页数: 296页
开本: 32开
丛书名:
单 册:
中图分类: G07
科图分类:
主题词: 文化地理学 , 历史地理--研究--湖北
电子资源:
ISBN: 7-5351-2616-2
000 00583nam0 2200205 45
001 0109231535
005 20031219104057.6
010    @a7-5351-2616-2@dCNY19.50
100    @a20010923d1999 km y0chiy0120 ea
101 0  @achi
105    @a z 000yy
200 1  @a湖北历史文化地理研究@AHu Bei Li Shi Wen Hua Di Li Yan Jiu@f张伟然著@FZhang Wei Ran Zhu
210    @a武汉@c湖北教育出版社@d1999
215    @a296页@d32开
606 0  @a文化地理学
606 0  @a历史地理@x研究@y湖北
690    @aG07@v4
701    @a张伟然@4著
801    @aCN@bTSTC@c20010923
905    @b314470-472@dG07@e23@f3
    
    湖北历史文化地理研究/张伟然著.-武汉:湖北教育出版社,1999
    296页;32开
    
    
    ISBN 7-5351-2616-2:CNY19.50
    
●
相关链接 在E读中查询图书 在五车中查询图书 在当当中查询图书 在豆瓣中查询图书


正题名:湖北历史文化地理研究     索取号:G07/23         预约/预借

序号 登录号 条形码 馆藏地/架位号 状态 备注
1 0314470   203144702   第四借阅区/ [索取号:G07/23] 在馆    
2 0314471   203144711   第四借阅区/ [索取号:G07/23] 在馆    
3 0314472   203144720   第一样本阅览室/ [索取号:G07/23] 在馆    
唐山师范学院图书馆 欢迎您!
大连网信软件有限公司© 版权所有